000 00838nam a2200241Ia 4500
003 OSt
005 20220930184718.0
006 a|||||r|||| 00| 0
007 ta
008 220926b |||||||| |||| 00| 0 eng d
024 _a9238
037 _cDissertations
040 _aCRL
_cCRL
_beng
041 _2eng
_aeng
100 _aBanerjee S
110 _aUniversity of Delhi. Faculty of Social Sciences. Department of Social Work
_9520300
245 0 _aStudy of 50 polio patients at Kalavati Saran Hospital with special reference to social, economicand emotional aspects
260 _aDelhi
_bUniversity of Delhi India
_c1962
650 _aSOCIAL WORK
_935789
700 _aUniversity of Delhi. Faculty of Social Sciences. Department of Social Work
_9520301
942 _cDIS
_2CC
999 _c888951
_d888951